Statistics for Capitals of Asia

Click here to take the quiz!

General Stats

  • This quiz has been taken 3 times
  • The average score is 37 of 47

Answer Stats

Answer% Correct
Abu Dhabi
100%
Ankara
100%
Astana
100%
Baghdad
100%
Baku
100%
Bangkok
100%
Beijing
100%
Damascus
100%
Doha
100%
Hanoi
100%
Jakarta
100%
Kabul
100%
Malé
100%
Manila
100%
Phnom Penh
100%
Riyadh
100%
Seoul
100%
Singapore
100%
Tashkent
100%
Tehran
100%
Vientiane
100%
Amman
67%
Ashgabat
67%
Bandar Seri Begawan
67%
Beirut
67%
Bishkek
67%
Colombo
67%
Dhaka
67%
Dili
67%
Dushanbe
67%
Islamabad
67%
Jerusalem
67%
Kathmandu
67%
Kuala Lumpur
67%
Kuwait City
67%
Manama
67%
Muscat
67%
Naypyidaw
67%
New Delhi
67%
Nicosia
67%
Sana'a
67%
Tbilisi
67%
Tokyo
67%
Yerevan
67%
Thimphu
33%
Ulaanbaatar
33%
Ramallah
0%

Score Distribution

Percentile by Number Answered

Percent of People with Each Score

Your Score History

You have not taken this quiz